000 00286nam a22001337a 4500
008 170615b xxu||||| |||| 00| 0 eng d
020 _a09345540209
041 _aeng
080 _a32
100 _a19
101 _aSHP
245 _aHOW TO COMPARE NATIONS
_cDOGAN,M
942 _2udc
_cBK
999 _c17454
_d17454